Statistics for Eurovision Song Lyrics - Ireland

Click here to take the quiz!

General Stats

  • This quiz has been taken 32 times
  • The average score is 206 of 300

Answer Stats

Answer% Correct
a
100%
I
96%
I,
96%
in
93%
the
93%
The
93%
You
93%
you
93%
your
93%
do
82%
eyes
79%
my
79%
My
79%
see
79%
to
79%
all
71%
and
71%
And
71%
know
71%
that
71%
That
71%
blue
68%
Blue
68%
doom
68%
doomsday
68%
Doomsday
68%
lie
68%
living
68%
down,
64%
down
64%
I'm
64%
moon
64%
star
64%
destroy
61%
me
61%
So
61%
things
61%
you're
61%
always
57%
guess
57%
have
57%
head
57%
on
57%
overestimate
57%
rather
57%
when
57%
bed
54%
feeling
54%
hear
54%
speak
54%
you'd
54%
Avada
50%
It's
50%
scars
50%
than
50%
had,
46%
of
46%
pretties
46%
avoid
43%
blues
43%
cannot
43%
is
43%
make
43%
beg,
39%
borrow
39%
ground
39%
hollow,
39%
Kedavra,
39%
lose
39%
sad
39%
sound
39%
twisted
39%
Who'd
39%
wish
39%
buried
36%
hex
36%
said,
36%
steal
36%
thoughts
36%
words
36%
colour
32%
For
32%
places
32%
strings
32%
touch
32%
But
29%
compared
29%
deployed
29%
favourite
29%
hands
29%
others
29%
out
29%
romance
29%
sorrow
29%
Through
29%
undo
29%
visions
29%
bind
25%
dance
25%
draining
25%
escape
25%
lying
25%
sleep
25%
slow
25%
tongues
25%
bound
21%
heartbeat
21%
I'd
21%
could
18%
deѕtroy
0%
speаk
0%

Score Distribution

Percentile by Number Answered

Percent of People with Each Score

Your Score History

You have not taken this quiz